Computer Architecture : A Designer's Text Based on a Generic RISC

Αποθηκεύτηκε σε:
Λεπτομέρειες βιβλιογραφικής εγγραφής
Κύριος συγγραφέας: Feldman, James M.
Άλλοι συγγραφείς: Retter, Charles T.
Μορφή: Βιβλίο
Γλώσσα:English
Δημοσίευση: New York : McGraw-Hill, c1994
Σειρά:Computer engineering
Θέματα:
Ετικέτες: Προσθήκη ετικέτας
Δεν υπάρχουν, Καταχωρήστε ετικέτα πρώτοι!

MARC

LEADER 00000nam a2200000 i 4500
001 1/58274
008 951211s1994 eng d
020 |a 0-07-020453-5 
035 |a 1995  |c ΔΑΡΖΕΝΤΑΣ  |l 10045882 
040 |a GR-MY-UA  |b gre  |e aacr 
041 0 |a eng 
082 0 |a 004.256 
100 1 |a Feldman, James M. 
245 1 0 |a Computer Architecture :  |b A Designer's Text Based on a Generic RISC /  |c James M. Feldman, Charles T. Retter 
260 |a New York :   |b McGraw-Hill,   |c c1994 
300 |a 619 p.;  |c 24 cm.+ 
490 1 |a Computer engineering 
500 |a Includes bibliographical references and index 
650 0 0 |a Computer architecture. 
650 0 0 |a Reduced instruction set computers. 
700 1 |a Retter, Charles T. 
830 0 |a Computer engineering 
852 |a INST  |b SAMOS  |e 19951211  |h 004.256 FEL  |p 005300004756  |q 005300004756  |t BK  |y 0 
909 |a Σ  |b 040489